000
00334nam a2200145Ia 4500
008
150201s2011 xx 000 0 und d
082
_a
610.7
_b
K11U
100
_a
UPENDRAN, S.
245
_a
KNOW YOUR ENGLISH
250
_a
1ST
260
_b
UNIVERSITIES PRESS
_a
HYD
_c
2011
300
_a
195
650
_a
NURSING
942
_2
ddc
_c
BK
_0
5
999
_c
2177
_d
2177